Zpráva o 15. společné schůzi Sněmovny lidu a Sněmovny národů 6. volební období. 14.-17.5., 21.-24.5., 28.-31.5.1991

Saved in:
Bibliographic Details
Format: Book
Language:Czech
Published: Praha Fed. shromáždění 1991
Edition:1. vyd.
Tags: Add Tag
No Tags, Be the first to tag this record!

MARC

LEADER 00000nam a2200000 4500
001 c024598
005 20221214095449.8
041 0 |a cze 
044 |a CZ 
245 1 0 |a Zpráva o 15. společné schůzi Sněmovny lidu a Sněmovny národů  |b 6. volební období. 14.-17.5., 21.-24.5., 28.-31.5.1991 
250 |a 1. vyd. 
264 1 |a Praha  |b Fed. shromáždění  |c 1991 
300 |a 9 zv.